Effect of Different Organic Sources on Growth, Yield and Quality of Potato (Solanum tuberosum L.) Varieties / (Record no. 50425)

MARC details
000 -LEADER
fixed length control field 00495nam a22001577a 4500
003 - CONTROL NUMBER IDENTIFIER
control field OSt
008 - FIXED-LENGTH DATA ELEMENTS--GENERAL INFORMATION
fixed length control field 260505b |||||||| |||| 00| 0 eng d
082 ## - DEWEY DECIMAL CLASSIFICATION NUMBER
Classification number 633.491
Item number P74E
100 ## - MAIN ENTRY--PERSONAL NAME
Personal name Prasad, Kamlesh Kumar.
245 ## - TITLE STATEMENT
Title Effect of Different Organic Sources on Growth, Yield and Quality of Potato (Solanum tuberosum L.) Varieties /
Statement of responsibility, etc. by Kamlesh Kumar Prasad
260 ## - PUBLICATION, DISTRIBUTION, ETC. (IMPRINT)
Place of publication, distribution, etc .- Pusa, Samastipur
Name of publisher, distributor, etc : RAU
Date of publication, distribution, etc , 2010
300 ## - PHYSICAL DESCRIPTION
Extent 107p.
502 ## - DISSERTATION NOTE
Degree type Ph. D.
Year degree granted 2010
650 ## - SUBJECT ADDED ENTRY--TOPICAL TERM
Topical term or geographic name as entry element Agronomy
942 ## - ADDED ENTRY ELEMENTS (KOHA)
Source of classification or shelving scheme
Koha item type Thesis
Holdings
Withdrawn status Lost status Source of classification or shelving scheme Damaged status Not for loan Home library Current library Date acquired Source of acquisition Cost, normal purchase price Total Checkouts Full call number Barcode Date last seen Bill Date Koha item type Bill Number
          Dr. Rajendra Prasad Central Agricultural University Pusa, Dr. Rajendra Prasad Central Agricultural University Pusa, 05/05/2026 by Author 0.00   633.491 P74E 62576 05/05/2026 05/05/2026 Thesis Gift
Hosted, Implemented, Customized & Maintained by: BestBookBuddies

Powered by Koha